Tour de France : les Français vainqueurs d'étape(s) - Statistiques

Statistiques générales
  • Ce quiz a été pris 87 fois
    38 depuis la dernière actualisation
  • Le résultat moyen est 50 sur 244
Statistiques - réponses
Nombre d'étapes Période Nom % Correct
28 1950-1989 Bernard {Hinault}
100%
5 2000-2023 Julian {Alaphilippe}
96%
3 2000-2023 Thibaut {Pinot}
92%
16 1947-1969 Jacques {Anquetil}
88%
7 1970-2023 Richard {Virenque}
88%
3 2013-2024 Romain {Bardet}
88%
3 2000-2023 Sylvain {Chavanel}
88%
4 1970-1999 Laurent {Jalabert}
84%
11 1947-1969 Louison {Bobet}
84%
4 2000-2023 Thomas {Voeckler}
84%
9 1970-1999 Laurent {Fignon}
80%
2 2000-2023 Warren {Barguil}
80%
7 1947-1999 Raymond {Poulidor}
76%
9 1970-1999 Bernard {Thévenet}
72%
3 2000-2023 Sandy {Casar}
72%
2 1947-1969 Antonin {Rolland}
68%
2 2000-2023 Arnaud {Démare}
68%
3 1970-1999 Jacky {Durand}
68%
1 2024 Kevin {Vauquelin}
68%
2 2000-2023 Pierre {Rolland}
68%
1 2000-2023 Tony {Gallopin}
68%
1 1970-1999 Alain {Vasseur}
64%
2 1970-2023 Cédric {Vasseur}
64%
2 2000-2023 Christophe {Riblon}
64%
4 2000-2023 Pierrick {Fédrigo}
64%
1 2000-2023 Samuel {Dumoulin}
64%
1 2000-2023 Alexis {Vuillermoz}
60%
21 1947-1969 André {Darrigade}
56%
1 2000-2023 Christophe {Laporte}
56%
2 2000-2023 David {Moncoutié}
56%
1 2018-2024 Anthony {Turgis}
52%
1 2000-2023 Blel {Kadri}
52%
1 2000-2023 Christophe {Moreau}
52%
7 1970-1999 Cyrille {Guimard}
52%
6 1947-1969 Jean {Robic}
52%
4 1903-1914 Maurice {Garin}
52%
1 2000-2023 Victor {Lafay}
52%
1 2000-2023 Lilian {Calmejane}
48%
2 1970-1999 Luc {Leblanc}
48%
1 1970-1999 Marc {Madiot}
48%
6 1903-1914 Octave {Lapize}
48%
3 1970-1999 Jean-François {Bernard}
44%
2 2000-2023 Jean-Patrick {Nazon}
44%
1 2000-2023 Jimmy {Casper}
44%
9 1919-1939 Antonin {Magne]
40%
1 2000-2023 Cyril {Dessel}
40%
1 1970-1999 Laurent {Brochard}
40%
1 1919-1939 Pierre {Magne}
40%
1 1970-1999 Raymond {Martin}
40%
4 1947-1969 Roger {Pingeon}
40%
6 1970-1999 Thierry {Marie}
40%
25 1919-1939 André {Leducq}
36%
1 2000-2023 Brice {Feillu}
36%
16 1919-1939 Charles {Pélissier}
36%
3 1970-1999 Charly {Mottet}
36%
3 1903-1939 Eugène {Christophe}
36%
2 1919-1939 Francis {Pélissier}
36%
10 1903-1939 Henri {Pélissier}
36%
7 1947-1969 Raphaël {Géminiani}
36%
1 2000-2023 Nans [Peters}
32%
8 1903-1914 Gustave {Garrigou}
28%
9 1903-1914 Hippolyte {Aucouturier}
28%
1 1970-1999 Jérôme {Simon}
28%
1 1970-1999 Pascal {Lino}
28%
1 1970-1999 Pascal {Simon}
28%
1 1970-1999 Régis {Simon}
28%
1 1970-1999 Eddy {Seigneur}
24%
1 1903-1914 Henri {Cornet}
24%
1 1947-1969 Lucien {Aimar}
24%
2 1970-1999 Mariano {Martinez}
24%
7 1919-1969 René {Vietto}
24%
1 2000-2023 Sylvain {Calzati}
24%
2 1970-1999 Thierry {Claveyrolat]
24%
1 1947-1969 Bernard {Gauthier}
20%
9 1919-1939 Georges {Speicher}
20%
2 1947-1969 Guy {Lapébie}
20%
1 1947-1969 Henry {Anglade}
20%
5 1970-1999 Jacques {Esclassan}
20%
17 1903-1939 Jean {Alavoine}
20%
1 1970-1999 Jean-Louis {Gauthier}
20%
5 1947-1969 Jean {Stablinski}
20%
1 1970-1999 Martial {Gayant}
20%
1 1970-1999 Pascal {Poisson}
20%
1 2000-2023 Patrice {Halgand}
20%
5 1903-1914 René {Pottier}
20%
9 1919-1939 Roger {Lapebie}
20%
2 1970-1999 Christian {Seznec}
16%
1 2000-2023 Christophe {Agnolutto}
16%
1 1970-1999 Cyril {Saugrain}
16%
1 1970-1999 Didier {Rous}
16%
1 1970-1999 Dominique {Arnould}
16%
2 1970-1999 Frédéric {Moncassin}
16%
4 1947-1969 Gilbert {Bauvin}
16%
4 1919-1939 Honoré {Barthélémy}
16%
4 1947-1969 Jean {Forestier}
16%
7 1970-1999 Jean-Pierre {Danguillaume}
16%
1 1970-1999 Joël {Pelier}
16%
2 1947-1969 Louis {Caput}
16%
11 1903-1914 Louis {Trousselier}
16%
7 1903-1914 Lucien {Mazan} dit Petit-breton
16%
3 1947-1969 Nello {Lauredi}
16%
1 1970-1999 Pascal {Jules}
16%
3 1970-1999 Pierre-Raymond {Villemiane}
16%
1 1970-1999 Bernard {Labourdette}
12%
10 1903-1914 Emile {Georget}
12%
2 1919-1939 Ferdinand {Le Drogo}
12%
1 1970-1999 Gilles {Delion}
12%
3 1947-1969 Guy {Ignolin}
12%
1 1970-1999 Hubert {Mathis}
12%
5 1903-1914 Jean-Baptiste {Dortignacq}
12%
1 1970-1999 Jean-Claude {Colotti}
12%
1 1970-1999 José {Catieau}
12%
1 1947-1969 Joseph {Groussard}
12%
2 1947-1969 Louis {Bergaud}
12%
2 1919-1939 Marcel {Bidot}
12%
10 1919-1939 Maurice {Archambaud}
12%
1 1970-1999 Michel {Laurent}
12%
1 1970-1999 Philippe {Chevallier}
12%
1 1970-1999 Pierre-Henri {Menthéour}
12%
2 1947-1999 Raymond {Delisle}
12%
1 1947-1969 Raymond {Riotte}
12%
3 1970-1999 Régis {Clère}
12%
1 1970-1999 René {Bittinger}
12%
8 1947-1969 Roger {Hassenforder}
12%
1 1970-1999 Yves {Hézard}
12%
2 1947-1969 Adolphe {Deledda}
8%
1 1970-1999 Alain {Meslet}
8%
1 1947-1969 Albert {Bourlon}
8%
1 1970-1999 Bernard {Quilfen}
8%
1 1970-1999 Bernard {Vallet}
8%
2 1947-1969 Charly {Grosskost}
8%
1 1970-1999 Christian {Raymond}
8%
1 1970-1999 Christophe {Lavainne}
8%
1 1970-1999 Domonique {Gaigne}
8%
1 1947-1969 Edouard {Fachleitner}
8%
2 1919-1969 Eloi {Tassin}
8%
1 1947-1969 Emile {Idée}
8%
1 1970-1999 Francis {Campaner}
8%
2 1970-1999 Frédéric {Vichot}
8%
1 1947-1969 Gilbert {Bellone}
8%
1 1970-1999 Jacques {Michaud}
8%
1 1970-1999 Jean-Luc {Molinéris}
8%
3 1947-1999 Jean-Pierre {Genet}
8%
1 1970-1999 Laurent {Desbiens}
8%
1 1903-1914 Lucien {Pothier}
8%
4 1947-1969 Lucien {Teisseire}
8%
2 1947-1969 Pierre {Beuffeuil}
8%
1 1947-1969 Pierre {Matignon}
8%
1 1947-1969 Pierre {Molinéris}
8%
2 1919-1939 Raymond {Louviot}
8%
1 1947-1969 Raymond {Mastrotto}
8%
1 1970-1999 Régis {Delépine}
8%
16 1919-1939 René {Le Greves}
8%
4 1947-1969 Robert {Cazala}
8%
1 1919-1939 Sauveur {Ducazeaux}
8%
1 1970-1999 Vincent {Barteau}
8%
1 1919-1939 Alphonse {Antoine}
4%
1 1947-1969 Anatole {Novak}
4%
1 1970-1999 Christophe {Mengin}
4%
1 1970-1999 Claude {Tollet}
4%
1 1903-1914 Emile {Engel}
4%
1 1970-1999 Francis {Castaing}
4%
1 1947-1969 François {Mahé}
4%
1 1947-1969 Georges {Chappe}
4%
7 1903-1914 Georges {Passerieu}
4%
1 1947-1969 Jean {Gainche}
4%
5 1947-1969 Jean {Graczyk}
4%
1 1947-1969 Jean {Malléjac}
4%
1 1919-1939 Marcel {Huot}
4%
5 1903-1914 Paul {Duboc}
4%
1 1970-1999 Philippe {Leleu}
4%
2 1947-1969 Raoul {Rémy}
4%
1 1970-1999 Robert {Alban}
4%
5 1947-1969 Roger {Rivière}
4%
6 1919-1939 Romain {Bellenger}
4%
1 1947-1969 Stanislas {Bober}
4%
2 1919-1939 Victor {Fontan}
4%
2 1919-1939 Amédée {Fournier}
0%
1 1947-1969 André {Desvages}
0%
1 1919-1939 André {Godinat}
0%
1 1947-1969 André {Le Dissez}
0%
1 1947-1969 André {Trochut}
0%
1 1919-1939 Arsène {Alancourt}
0%
1 1919-1939 Benoît {Faure}
0%
1 1947-1969 Bernard {Quennehen}
0%
4 1903-1914 Charles {Crupelandt}
0%
1 1903-1914 Constant {Ménager}
0%
1 1947-1969 Custodio {Dos Réis}
0%
1 1919-1939 Dante {Gianello}
0%
2 1947-1969 Dominique {Fortini}
0%
1 1919-1939 Edmond {Pages}
0%
1 1947-1969 Edouard {Muller}
0%
1 1947-1969 Emile {Baffert}
0%
2 1903-1914 Ernest {Paul} dit Faber Ernest
0%
2 1919-1939 Fabien {Galateau}
0%
7 1919-1939 Felix {Goethals}
0%
1 1919-1939 Fernand {Cornez}
0%
1 1919-1939 Fernand {Lemay}
0%
1 1947-1969 Georges {Decaux}
0%
2 1947-1969 Georges {Meunier}
0%
2 1903-1914 Georges {Paulmier}
0%
1 1947-1969 Gino {Sciardis}
0%
1 1947-1969 Henri {Massal}
0%
1 1919-1939 Henri {Puppo}
0%
1 1947-1969 Jacques {Pras}
0%
2 1947-1969 Jacques {Vivier}
0%
1 1947-1969 Jean {Bourlès}
0%
1 1947-1969 Jean {Dolto}
0%
1 1947-1969 Jean {Dumont}
0%
2 1919-1939 Jean {Fréchaut}
0%
1 1919-1939 Joseph {Mauclair}
0%
1 1947-1969 Joseph {Morvan}
0%
1 1919-1939 Joseph {Muller}
0%
1 1947-1969 Joseph {Thomin}
0%
1 1947-1969 José {Samyn}
0%
1 1919-1939 Jules {Merviel}
0%
1 1903-1914 Julien {Maitron}
0%
3 1919-1939 Julien {Moineau}
0%
1 1919-1939 Léon {Level}
0%
1 1919-1939 Louis {Peglion}
0%
2 1947-1969 Lucien {Lazandès}
0%
1 1903-1914 Marcel {Cadolle}
0%
3 1947-1969 Marcel {Dussault}
0%
2 1903-1914 Marcel {Godivier}
0%
1 1947-1969 Marcel {Molinès}
0%
1 1947-1969 Marcel {Queheille}
0%
1 1903-1914 Maurice {Brocco}
0%
1 1947-1969 Maurice {Diot}
0%
1 1947-1969 Maurice {Izier}
0%
1 1947-1969 Maurice {Quentin}
0%
1 1947-1969 Michel {Dejouhannet}
0%
2 1919-1939 Paul {Chocque}
0%
1 1947-1969 Paul {Lemeteyer}
0%
2 1919-1939 Paul {Maye}
0%
1 1919-1939 Pierre {Gallien}
0%
2 1919-1939 Pierre {Jaminet}
0%
1 1970-1999 Pierre {Le Bigaut}
0%
2 1919-1939 Pierre-Marie {Cloarec}
0%
2 1919-1939 Raymond {Passat}
0%
4 1947-1969 René {Privat}
0%
4 1919-1939 Robert {Jacquinot}
0%
1 1947-1969 Robert {Varnajo}
0%
1 1947-1969 Roger {Lévêque}
0%
1 1947-1969 Tino {Sabbadini}
0%
Aucun quiz correspondant
Distribution des résultats
% des personnes avec chaque résultat
Percentile par nombre de réponses
Votre historique - résultats
Vous n’avez pas pris ce quiz depuis la dernière actualisation